000 00554nam a2200217Ia 4500
003 OSt
005 20220928150120.0
006 a|||||r|||| 00| 0
007 ta
008 220927b |||||||| |||| 00| 0 eng d
024 _a87978
037 _cTextual
040 _aSDCL
_cSDCL
_beng
041 _2eng
_aeng
082 _aO15jN22, N8
100 _aDeuvedi Icharam Ed.
_9515318
245 0 _aAacharaya Shri Abhinandan grantha.
260 _c1998
942 _hO15jN22, N8
_cTEXL
_2CC
999 _c839941
_d839941